Building construction 4 Vol. set./ (Record no. 353936)
[ view plain ]
| 000 -LEADER | |
|---|---|
| fixed length control field | 00801nam a2200253 a 4500 |
| 001 - CONTROL NUMBER | |
| control field | ASIN9332508240 |
| 003 - CONTROL NUMBER IDENTIFIER | |
| control field | OSt |
| 005 - DATE AND TIME OF LATEST TRANSACTION | |
| control field | 20180116192422.0 |
| 008 - FIXED-LENGTH DATA ELEMENTS--GENERAL INFORMATION | |
| fixed length control field | 140407s2012 xxu eng d |
| 020 ## - INTERNATIONAL STANDARD BOOK NUMBER | |
| International Standard Book Number | 9332508240 (paperback) |
| 020 ## - INTERNATIONAL STANDARD BOOK NUMBER | |
| International Standard Book Number | 9789332508248 (paperback) |
| 040 ## - CATALOGING SOURCE | |
| Transcribing agency | sada |
| 082 ## - DEWEY DECIMAL CLASSIFICATION NUMBER | |
| Classification number | 790 |
| Author Mark | MCK 2014 |
| 100 1# - MAIN ENTRY--PERSONAL NAME | |
| Personal name | Mckay, W. B. |
| 9 (RLIN) | 7501 |
| 245 10 - TITLE STATEMENT | |
| Title | Building construction 4 Vol. set./ |
| Statement of responsibility, etc. | by W. B. McKay. |
| 250 ## - EDITION STATEMENT | |
| Edition statement | 4th ed.(Vol. 2&4), 5th ed.(Vol. 1&3) |
| 260 ## - PUBLICATION, DISTRIBUTION, ETC. | |
| Place of publication, distribution, etc. | New Delhi : |
| Name of publisher, distributor, etc. | Pearson, |
| Date of publication, distribution, etc. | 2014. |
| 300 ## - PHYSICAL DESCRIPTION | |
| Extent | 1 v. (unpaged) |
| 440 ## - SERIES STATEMENT/ADDED ENTRY--TITLE | |
| Title | Always learning. |
| 9 (RLIN) | 7502 |
| 490 ## - SERIES STATEMENT | |
| Series statement | Always learning. |
| Volume/sequential designation | 1-2-3-4 |
| 500 ## - GENERAL NOTE | |
| General note | 4th ed.(Vol. 2&4), 5th ed.(Vol. 1&3) |
| 856 40 - ELECTRONIC LOCATION AND ACCESS | |
| Materials specified | Amazon.com |
| Uniform Resource Identifier | <a href="http://www.amazon.com/exec/obidos/ASIN/9332508240/chopaconline-20">http://www.amazon.com/exec/obidos/ASIN/9332508240/chopaconline-20</a> |
| 942 ## - ADDED ENTRY ELEMENTS (KOHA) | |
| Source of classification or shelving scheme | |
| Koha item type | Book |
| Withdrawn status | Lost status | Source of classification or shelving scheme | Damaged status | Not for loan | Permanent Location | Current Location | Date acquired | Total Checkouts | Total Renewals | Full call number | Barcode | Date last seen | Date last checked out | Cost, replacement price | Price effective from | Koha item type |
|---|---|---|---|---|---|---|---|---|---|---|---|---|---|---|---|---|
| School of Art Design and Architecture (SADA) | School of Art Design and Architecture (SADA) | 04/04/2014 | 1 | 1 | 690 MCK 2014 | SADA0002268 | 09/15/2015 | 07/15/2015 | 391.00 | 04/07/2014 | Book | |||||
| School of Art Design and Architecture (SADA) | School of Art Design and Architecture (SADA) | 04/04/2014 | 1 | 690 MCK 2014 | SADA0002269 | 02/26/2016 | 01/22/2016 | 391.00 | 04/07/2014 | Book | ||||||
| School of Art Design and Architecture (SADA) | School of Art Design and Architecture (SADA) | 04/04/2014 | 1 | 690 MCK 2014 | SADA0002270 | 03/24/2015 | 03/02/2015 | 391.00 | 04/07/2014 | Book | ||||||
| School of Art Design and Architecture (SADA) | School of Art Design and Architecture (SADA) | 04/04/2014 | 1 | 690 MCK 2014 | SADA0002271 | 07/22/2015 | 07/16/2015 | 391.00 | 04/07/2014 | Book |
